Somos ambiente y paz / (Registro nro. 19223)

Detalles MARC
000 -CABECERA
Campo de control 01127nam a2200265 a 4500
005 - FECHA Y HORA DE LA ULTIMA TRANSACCION
Campo de control 20200104041752.0
008 - ELEMENTOS DE LONGITUD FIJA—INFORMACION GENERAL
Campo de control 170126s2016 ck ado||r|||| 00| 0 spa d
020 ## - ISBN
ISBN 9789585418004 (impreso)
020 ## - ISBN
ISBN 9789585418011 (digital)
040 ## - FUENTE DE CATALOGACIÓN
Agencia catalogadora original CO-BoIAVH
Agencia transcriptora CO-BoIAVH
041 0# - IDIOMA
Código de idioma para texto/pista de sonido o título separado Español
044 ## - PAÍS DE PUBLICACIÓN
País de publicación Colombia
082 04 - NUMERO DE CLASIFICACION DECIMAL DEWEY
Número de clasificación 363.70525
Número del ítem J94s
100 1# - ASIENTO PRINCIPAL--NOMBRE PERSONAL
Nombre personal Julio, Miguel Angel
Término relacionado autor
9 (RLIN) 78308
245 10 - MENCION DE TITULO
Título Somos ambiente y paz /
Mención de responsabilidad Miguel Angel Julio
260 ## - PUBLICACION, DISTRIBUCION, ETC. (PIE DE IMPRENTA)
Lugar de publicación, distribución, etc. Bogotá (Colombia) :
Nombre del editor, distribuidor, etc. Instituto de Investigación de Recursos Biológicos Alexander von Humboldt,
Fecha de publicación, distribución, etc. 2016.
300 ## - DESCRIPCION FISICA
Extensión 166 páginas :
Otros detalles físicos ilustraciones a color, tablas y fotografías a color ;
Dimensiones 23 x 17 cm.
504 ## - NOTA DE BIBLIOGRAFIA, ETC.
Nota de bibliografía Incluye referencias bibliográficas.
650 16 - ASIENTO SECUNDARIO DE MATERIA - TERMINO TEMATICO
Término temático o nombre geográfico como elemento de entrada Protección ambiental
Subdivisión general Participación juvenil
9 (RLIN) 78309
650 26 - ASIENTO SECUNDARIO DE MATERIA - TERMINO TEMATICO
Término temático o nombre geográfico como elemento de entrada Consolidación de la paz
Subdivisión general Participación juvenil
9 (RLIN) 78310
650 26 - ASIENTO SECUNDARIO DE MATERIA - TERMINO TEMATICO
Término temático o nombre geográfico como elemento de entrada Conservación de la diversidad biológica
Subdivisión general Participación juvenil
9 (RLIN) 78311
650 26 - ASIENTO SECUNDARIO DE MATERIA - TERMINO TEMATICO
Término temático o nombre geográfico como elemento de entrada Mitigación del cambio climático
9 (RLIN) 18931
710 2# - ASIENTO SECUNDARIO - NOMBRE CORPORATIVO
Nombre corporativo o de jurisdicción como elemento de entrada Instituto de Investigación de Recursos Biológicos Alexander von Humboldt
9 (RLIN) 204
942 ## - ELEMENTOS ADICIONALES (KOHA)
Sistema de clasificación Dewey Decimal Classification
Tipo de ítem Libro
Koha issues (borrowed), all copies 1
Existencias
Withdrawn status Lost status Sistema de Clasificación Damaged status No para préstamo Colección Inventariado Ubicación Permanente Ubicación actual Fecha de adquisición Fuente de Valor Valor Total Checkouts Número topográfico Inventario / Código de Barras Date last seen Date checked out Ejemplar Price effective from Forma de adquisición Tipo de material
    Dewey Decimal Classification     Humboldt Inventariado 2017 Bogotá Bogotá 26/01/2017 Instituto 39000.00 2 IAVH-363.70525 J94s 040938 10/05/2019 10/05/2019 Ej. 1 26/01/2017 Institucional Libro
    Dewey Decimal Classification     Humboldt Inventariado 2017 Sala Fabio Quevedo Sala Fabio Quevedo 26/01/2017 Instituto 39000.00   IAVH-363.70525 J94s 040939 26/01/2017   Ej. 2 26/01/2017 Institucional Libro
    Dewey Decimal Classification     Humboldt   Villa de Leyva Villa de Leyva 30/08/2017       IAVH-363.70525 J94s 042828 30/08/2017   Ej. 3 30/08/2017 Institucional Libro